000
00270nam a2200109Ia 4500
008
230320s9999||||xx |||||||||||||| ||spa||
082
_a
194/T32C
100
_a
Cuenot, Claude
245
0
_a
Lo Que Verdaderamente Dijo Teilhard
260
_b
AGUILARCUENOT,
942
_8
0
_c
LIB
999
_c
26431
_d
26431